000 00572nam a2200181 i 4500
001 21677
003 ES-MaACL
005 20230906152526.0
007 t|
008 021127s1930 sp ||||1| spa d
100 1 _aAlbiñana Sanz, José María,
_d1883-1936
_919387
245 1 0 _aBajo el cielo mejicano
_b: (sensaciones y comentos) /
_cJosé María Albiñana Sanz.
260 _aMadrid :
_b[s.n.],
_c1930 (
_fImp. Giralda)
300 _a280 p. :
_bil. ;
_c19 cm.
651 4 _aMéxico-
_xDescripción.
_99061
852 _aES-MaACL
_jB-4059
999 _c21677
_d21677